Исследование обоснования эффективности решения технических проблем по предотвращению нереверсивной нагрузки в поршневых компрессорах; Проблемы геологии и освоения недр; Т. 2

Detalles Bibliográficos
Parent link:Проблемы геологии и освоения недр: труды XXIII Международного симпозиума имени академика М. А. Усова студентов и молодых ученых, посвященного 120-летию со дня рождения академика К. И. Сатпаева, 120-летию со дня рождения профессора К. В. Радугина, Томск, 8-12 апреля 2019 г./ Национальный исследовательский Томский политехнический университет, Инженерная школа природных ресурсов ; гл. ред. А. С. Боев ; под ред. Е. Ю. Пасечник.— , 2019
Т. 2.— 2019.— [С. 513-515]
Autor Principal: Сироткин А. С.
Autor Corporativo: Национальный исследовательский Томский политехнический университет Инженерная школа природных ресурсов Отделение нефтегазового дела
Outros autores: Саруев Л. А. Лев Алексеевич (научный руководитель)
Summary:Заглавие с экрана
Idioma:ruso
Publicado: 2019
Series:Горное дело. Разработка рудных и нерудных полезных ископаемых
Subjects:
Acceso en liña:http://earchive.tpu.ru/handle/11683/56328
Formato: Electrónico Capítulo de libro
KOHA link:https://koha.lib.tpu.ru/cgi-bin/koha/opac-detail.pl?biblionumber=630134

MARC

LEADER 00000naa2a2200000 4500
001 630134
005 20231101133609.0
035 |a (RuTPU)RU\TPU\conf\31036 
035 |a RU\TPU\conf\31035 
090 |a 630134 
100 |a 20191016d2019 k y0rusy50 ca 
101 0 |a rus 
102 |a RU 
105 |a y z 100zy 
135 |a drcn ---uucaa 
181 0 |a i  
182 0 |a b 
200 1 |a Исследование обоснования эффективности решения технических проблем по предотвращению нереверсивной нагрузки в поршневых компрессорах  |f А. С. Сироткин  |g науч. рук. Л. А. Саруев 
203 |a Текст  |c электронный 
225 1 |a Горное дело. Разработка рудных и нерудных полезных ископаемых 
230 |a 1 компьютерный файл (pdf; 371 Kb) 
300 |a Заглавие с экрана 
320 |a [Библиогр.: с. 514-515 (2 назв.)] 
461 1 |0 (RuTPU)RU\TPU\conf\30471  |t Проблемы геологии и освоения недр  |o труды XXIII Международного симпозиума имени академика М. А. Усова студентов и молодых ученых, посвященного 120-летию со дня рождения академика К. И. Сатпаева, 120-летию со дня рождения профессора К. В. Радугина, Томск, 8-12 апреля 2019 г.  |o в 2 т.  |f Национальный исследовательский Томский политехнический университет, Инженерная школа природных ресурсов ; гл. ред. А. С. Боев ; под ред. Е. Ю. Пасечник  |d 2019 
463 1 |0 (RuTPU)RU\TPU\conf\30475  |t Т. 2  |v [С. 513-515]  |d 2019 
610 1 |a труды учёных ТПУ 
610 1 |a электронный ресурс 
610 1 |a обоснование 
610 1 |a технические проблемы 
610 1 |a нереверсивные нагрузки 
610 1 |a поршневые компрессоры 
610 1 |a износ 
610 1 |a трение 
700 1 |a Сироткин  |b А. С. 
702 1 |a Саруев  |b Л. А.  |c горный инженер  |c профессор Томского политехнического университета, доктор технических наук  |f 1940-  |g Лев Алексеевич  |2 stltpush  |4 727 
712 0 2 |a Национальный исследовательский Томский политехнический университет  |b Инженерная школа природных ресурсов  |b Отделение нефтегазового дела  |h 8084  |2 stltpush  |3 (RuTPU)RU\TPU\col\23546 
801 2 |a RU  |b 63413507  |c 20191024  |g RCR 
856 4 |u http://earchive.tpu.ru/handle/11683/56328 
942 |c BK